000 00317 a2200109 4500
001 ART_14607
005 20260410161912.0
008 260409a
245 1 0 _aThe economic reform in Hungary
100 1 _aBalassa, Bela
773 0 _tEuropean economic review
_g- Vol. 11, NÂș 3 (oct. 1978)
_wREV13346
999 _c26945
_d26945